[Event "Hessen-ch U12"]
[Site "Bad Homburg"]
[Date "2012.??.??"]
[Round "1"]
[White "Schmidt, Sarah"]
[Black "Stankoski, Aleksandr"]
[Result "1-0"]
[WhiteElo "1099"]
[BlackElo "789"]
[PlyCount "65"]
[EventDate "2012.04.??"]
[EventType "swiss"]
[EventRounds "9"]
[EventCountry "GER"]
[SourceTitle "EXT 2015"]
[Source "ChessBase"]
[SourceDate "2014.11.20"]
[SourceVersion "1"]
[SourceVersionDate "2014.11.20"]
[SourceQuality "1"]

1. e4 e5 2. Nf3 Nc6 3. c3 Bc5 4. d4 exd4 5. cxd4 Bb4+ 6. Bd2 Nf6 7. Bxb4 Nxb4
8. Nc3 O-O 9. a3 Nc6 10. d5 Na5 11. b4 c6 12. bxa5 Qxa5 13. Qd2 cxd5 14. Nxd5
Qxd2+ 15. Nxd2 Nxd5 16. exd5 d6 17. Ne4 Re8 18. f3 f5 19. Bb5 Re7 20. Bd3 fxe4
21. fxe4 Bf5 22. O-O Bxe4 23. Rfe1 Rae8 24. Bb5 Rf8 25. Re2 Rf4 26. Rae1 Re5
27. Re3 Rg4 28. g3 a6 29. Bd7 Rgg5 30. Rxe4 Rxe4 31. Rxe4 Rxd5 32. Be6+ Kf8 33.
Bxd5 1-0

[Event "corr DSFM2012-A-V2"]
[Site "BdF"]
[Date "2012.??.??"]
[Round "?"]
[White "Heidrich, Walter"]
[Black "Schueler, Wolfgang"]
[Result "1/2-1/2"]
[WhiteElo "1490"]
[BlackElo "2190"]
[PlyCount "44"]
[EventDate "2012.??.??"]
[EventType "tourn (corr)"]
[SourceTitle "OM Corr 202003"]
[Source "Opening Master"]
[SourceDate "2019.05.30"]
[SourceVersion "2"]
[SourceVersionDate "2019.05.30"]
[SourceQuality "1"]

1. e4 e5 2. Nf3 Nc6 3. c3 Nf6 4. d4 exd4 5. Nxd4 Nxe4 6. Nxc6 bxc6 7. Qe2 Qe7
8. f3 Nc5 9. Qxe7+ Bxe7 10. Bf4 Ne6 11. Bg3 Rb8 12. b3 d5 13. Bd3 h5 14. Kd2 a5
15. h3 h4 16. Bf2 Nf4 17. Bf1 Bf5 18. g3 hxg3 19. Bxg3 Bg5 20. h4 Kd7 21. Rh2
Nh5+ 22. hxg5 Nxg3 1/2-1/2

[Event "OP-2011-0-01975"]
[Site "Lechenicher SchachServer"]
[Date "2011.12.31"]
[Round "?"]
[White "Newton, Daryl"]
[Black "Latopolski, Marek"]
[Result "0-1"]
[WhiteElo "602"]
[BlackElo "800"]
[PlyCount "28"]
[EventDate "2011.12.29"]

1. e4 e5 2. Nf3 Nc6 3. c3 d5 4. d4 exd4 5. cxd4 dxe4 6. Ng5 Qxd4 7. Qe2 Bb4+ 8.
Nd2 Nf6 9. a3 Ba5 10. Qd1 h6 11. Ngxe4 Nxe4 12. Qf3 Bxd2+ 13. Ke2 Bxc1 14. Rxc1
Qd2# 0-1

[Event "56. LSS No Engine Cup Preliminary 4"]
[Site "Lechenicher SchachServer"]
[Date "2011.12.31"]
[Round "?"]
[White "Jaszczowski, Zdzislaw"]
[Black "Talbot, Olivier"]
[Result "1-0"]
[WhiteElo "859"]
[BlackElo "986"]
[PlyCount "123"]
[EventDate "2012.01.01"]

1. e4 e5 2. Nf3 Nc6 3. c3 Nf6 4. d3 d6 5. Bg5 h6 6. Bh4 Be7 7. Be2 Bd7 8. O-O
a6 9. Nbd2 Nh7 10. Bxe7 Qxe7 11. d4 f6 12. dxe5 fxe5 13. h3 O-O-O 14. Qa4 Nb8
15. Qb3 Nf6 16. Rac1 g5 17. Nh2 Bc6 18. Ng4 Nbd7 19. Nxf6 Qxf6 20. f3 Nb8 21.
a4 Qe7 22. Qa3 Qd7 23. f4 Qe7 24. f5 Rhf8 25. Bg4 Qf6 26. a5 Bb5 27. c4 Bd7 28.
b4 Nc6 29. Nb3 Nd4 30. b5 Nxb3 31. Qxb3 d5 32. exd5 axb5 33. cxb5 Qd6 34. a6
bxa6 35. bxa6 Qxa6 36. Ra1 Qb6+ 37. Qxb6 cxb6 38. d6 Kb7 39. Bf3+ Bc6 40. Be2
Rxd6 41. g4 Rdd8 42. Ra2 Rb8 43. Bc4 b5 44. Be6 e4 45. Rd1 Rfd8 46. Rxd8 Rxd8
47. Kf2 Bd5 48. Rd2 Kc6 49. Rc2+ Kb6 50. Rd2 Kc5 51. Ke3 Rd6 52. Rc2+ Bc4 53.
Kxe4 Rd4+ 54. Ke5 b4 55. f6 b3 56. Rb2 Rd5+ 57. Bxd5 Bxd5 58. Kf5 Kc4 59. Kg6
Kc3 60. Rf2 b2 61. Rxb2 Kxb2 62. Kxh6 1-0

[Event "RE-2011-0-00083"]
[Site "Lechenicher SchachServer"]
[Date "2011.12.29"]
[Round "?"]
[White "Csaba, Fodor"]
[Black "Torfs, Gert"]
[Result "1-0"]
[WhiteElo "1367"]
[BlackElo "860"]
[PlyCount "39"]
[EventDate "2011.12.05"]

1. e4 e5 2. Nf3 Nc6 3. c3 Nf6 4. d4 exd4 5. e5 Qe7 6. cxd4 Nd5 7. Nc3 Nxc3 8.
bxc3 d6 9. Bb5 Bd7 10. O-O O-O-O 11. e6 fxe6 12. Bg5 Qf7 13. Bxd8 Kxd8 14. Rb1
Kc8 15. Re1 Be7 16. Qb3 Na5 17. Bxd7+ Kxd7 18. Qa4+ Nc6 19. Rxb7 Bf6 20. c4 1-0

[Event "St Leon Rot op"]
[Site "St Leon Rot"]
[Date "2011.12.28"]
[Round "4"]
[White "Gutzen, Werner"]
[Black "Seidler, Ottmar"]
[Result "1-0"]
[WhiteElo "1893"]
[BlackElo "1603"]
[PlyCount "85"]
[EventDate "2011.12.27"]
[EventType "swiss"]
[EventRounds "7"]
[EventCountry "GER"]
[SourceTitle "CBM 146 Extra"]
[Source "ChessBase"]
[SourceDate "2012.02.29"]
[SourceVersion "1"]
[SourceVersionDate "2012.02.29"]
[SourceQuality "1"]

1. e4 e5 2. Nf3 Nc6 3. c3 d6 4. Bc4 Be6 5. Bxe6 fxe6 6. Qb3 Qc8 7. Ng5 Nd8 8.
O-O Be7 9. d4 h6 10. Nh3 exd4 11. cxd4 Nf6 12. e5 Nd5 13. Qg3 Bf8 14. f4 Qd7
15. f5 exf5 16. exd6 Bxd6 17. Re1+ Kf7 18. Qb3 c6 19. Nc3 Re8 20. Bf4 Bf8 21.
Rxe8 Qxe8 22. Nxd5 Qe6 23. Nc7 Qxb3 24. axb3 Rc8 25. Rxa7 Kg8 26. Ra8 Rxa8 27.
Nxa8 Kf7 28. Nb6 Ke6 29. Bc7 Nf7 30. Nf4+ Kf6 31. Nd7+ Ke7 32. Nxf8 Kxf8 33.
Ng6+ Ke8 34. Bf4 Kd7 35. Ne5+ Nxe5 36. Bxe5 g6 37. Kf2 Ke6 38. b4 Kd5 39. b3
Ke4 40. g3 Kd3 41. b5 Kc3 42. bxc6 bxc6 43. d5+ 1-0

[Event "AUS Reserves"]
[Site "Geelong"]
[Date "2011.12.28"]
[Round "2.41"]
[White "Visser, Johan"]
[Black "Wilkie, Mary E"]
[Result "1-0"]
[WhiteElo "1740"]
[BlackElo "1395"]
[PlyCount "59"]
[EventDate "2011.12.27"]
[EventRounds "11"]
[EventCountry "AUS"]

1. e4 e5 2. Nf3 Nc6 3. c3 Nf6 4. d4 d6 5. Be2 Be7 6. O-O Nxe4 7. d5 Nb8 8. Qa4+
c6 9. Qxe4 f5 10. Qc4 c5 11. Na3 a6 12. Qa4+ Bd7 13. Qd1 O-O 14. Nc2 f4 15. Nd2
Bf5 16. Bg4 Nd7 17. Bxf5 Rxf5 18. Qg4 Rg5 19. Qe6+ Kh8 20. Ne4 Rg6 21. Qf5 Nf6
22. c4 Qc7 23. Ng5 Bf8 24. Ne6 Qd7 25. Ne1 Re8 26. Nf3 Rh6 27. Nfg5 g6 28.
Qxf6+ Bg7 29. Nf7+ Kg8 30. Qxg7# 1-0

[Event "St Leon Rot op"]
[Site "St Leon Rot"]
[Date "2011.12.27"]
[Round "2"]
[White "Gutzen, Werner"]
[Black "Widmann, Volker"]
[Result "1/2-1/2"]
[WhiteElo "1893"]
[BlackElo "2134"]
[PlyCount "62"]
[EventDate "2011.12.27"]
[EventType "swiss"]
[EventRounds "7"]
[EventCountry "GER"]
[SourceTitle "CBM 146 Extra"]
[Source "ChessBase"]
[SourceDate "2012.02.29"]
[SourceVersion "1"]
[SourceVersionDate "2012.02.29"]
[SourceQuality "1"]

1. e4 e5 2. Nf3 Nc6 3. c3 d5 4. Qa4 f6 5. Bb5 Nge7 6. exd5 Qxd5 7. O-O Be6 8.
d4 exd4 9. Nxd4 Bd7 10. Nxc6 Bxc6 11. Bxc6+ Qxc6 12. Qxc6+ Nxc6 13. Re1+ Be7
14. Na3 O-O-O 15. Nc4 Rhe8 16. Be3 f5 17. Kf1 Bf6 18. Rad1 b5 19. Na3 a6 20.
Nc2 Kb7 21. Nd4 g6 22. Nxc6 Kxc6 23. Rxd8 Rxd8 24. Bf4 Kd7 25. Rd1+ Ke6 26.
Re1+ Kd7 27. Rd1+ Kc8 28. Rxd8+ Kxd8 29. Be3 Kd7 30. Ke2 Ke6 31. Kd3 c6 1/2-1/2

[Event "RN-2011-0-00432"]
[Site "Lechenicher SchachServer"]
[Date "2011.12.23"]
[Round "?"]
[White "Molina, Vicente Andres"]
[Black "Ventura, Bob"]
[Result "1/2-1/2"]
[WhiteElo "820"]
[BlackElo "758"]
[PlyCount "115"]
[EventDate "2011.12.12"]

1. e4 e5 2. Nf3 Nc6 3. c3 Nf6 4. d3 h6 5. g3 d5 6. Nbd2 dxe4 7. dxe4 Bc5 8. Nb3
Bxf2+ 9. Ke2 Qxd1+ 10. Kxd1 O-O 11. Be2 Nxe4 12. Kc2 Bf5 13. Bd3 Rad8 14. Nbd2
Nxd2 15. Bxf5 Nxf3 16. Rf1 Nfd4+ 17. cxd4 Bxd4 18. a3 Rfe8 19. Be4 Bb6 20. Bd2
Nd4+ 21. Kc3 Nb5+ 22. Kc2 Rd4 23. Bxb7 Red8 24. Rad1 Nd6 25. Ba6 Ne4 26. Bc3
Rxd1 27. Rxd1 Rxd1 28. Kxd1 Bc5 29. Bb7 Nd6 30. Bd5 Bg1 31. h3 Bd4 32. Bxd4
exd4 33. Kd2 c5 34. Kd3 Kf8 35. b4 cxb4 36. axb4 Nb5 37. Kc4 Nc3 38. Kxd4 Ne2+
39. Kc5 Nxg3 40. Kc6 Ke7 41. Kb7 Nf5 42. Kxa7 Nd6 43. Kb6 Kd7 44. Kc5 f5 45. b5
Ne4+ 46. Kd4 Kc7 47. Ke5 Nd6 48. Bc6 g5 49. Bf3 Nxb5 50. Kxf5 Nd4+ 51. Kg4 Nxf3
52. Kxf3 Kd7 53. Kg4 Ke7 54. Kh5 Kf6 55. Kxh6 Kf5 56. Kh5 Kf4 57. Kh6 Kf5 58.
Kh5 1/2-1/2

[Event "Krasnoyarsk Maestro Marchko"]
[Site "Krasnoyarsk"]
[Date "2011.12.22"]
[Round "6"]
[White "Khegay, Dmitriy"]
[Black "Tikhomirov, Alexey"]
[Result "0-1"]
[WhiteElo "2200"]
[BlackElo "2195"]
[PlyCount "102"]
[EventDate "2011.12.17"]
[EventType "tourn"]
[EventRounds "9"]
[EventCountry "RUS"]
[SourceTitle "EXT 2013"]
[Source "ChessBase"]
[SourceDate "2012.11.22"]
[SourceVersion "1"]
[SourceVersionDate "2012.11.22"]
[SourceQuality "1"]

1. e4 e5 2. Nf3 Nc6 3. c3 d6 4. d4 Bg4 5. Be2 Nf6 6. O-O Be7 7. Qb3 Qc8 8. h3
Bh5 9. Nbd2 O-O 10. Qc2 Bg6 11. dxe5 dxe5 12. b4 a6 13. Re1 Nd7 14. a3 Re8 15.
Bb2 Nf8 16. c4 f6 17. Nf1 Ne6 18. Ne3 a5 19. b5 Ncd8 20. Nh4 Bf7 21. Bg4 Bc5
22. Nhf5 h5 23. Bf3 Kh7 24. Ng3 g6 25. Nd5 Kg7 26. Bxh5 c6 27. Bg4 Qb8 28. Ne3
Rh8 29. Qd2 Nd4 30. Qd3 N8e6 31. Bxe6 Bxe6 32. Ne2 Nxe2+ 33. Qxe2 Rh4 34. Qf3
Rf4 35. Qg3 Qa7 36. Rad1 Kf7 37. Bc1 Rxe4 38. Ng4 Bxg4 39. hxg4 Rxe1+ 40. Rxe1
Rh8 41. Re2 Bd4 42. Qf3 Qc5 43. Rc2 Kg7 44. g3 a4 45. Kg2 Re8 46. Qe4 Rc8 47.
Qf3 cxb5 48. Qxb7+ Rc7 49. Qb8 Qc6+ 50. Kg1 Rc8 51. cxb5 Qxc2 0-1

[Event "FRA-chT U20 1112"]
[Site "France"]
[Date "2011.12.19"]
[Round "7.7"]
[White "Hadji, Rasla"]
[Black "Bouzidi, Elyas"]
[Result "1-0"]
[WhiteElo "1360"]
[BlackElo "1290"]
[PlyCount "113"]
[EventDate "2011.12.03"]
[EventType "team-swiss"]
[EventRounds "7"]
[EventCountry "FRA"]
[SourceTitle "EXT 2013"]
[Source "ChessBase"]
[SourceDate "2012.11.22"]
[SourceVersion "1"]
[SourceVersionDate "2012.11.22"]
[SourceQuality "1"]

1. e4 e5 2. Nf3 Nc6 3. c3 Bc5 4. d4 exd4 5. cxd4 Bb6 6. Nc3 d6 7. Bc4 Bg4 8.
O-O Nxd4 9. Be2 Nxe2+ 10. Qxe2 Qe7 11. Qd3 O-O-O 12. Bf4 Nf6 13. Bg5 h6 14. Nd5
Qxe4 15. Qxe4 Nxe4 16. Bxd8 Rxd8 17. Rac1 Bxf3 18. gxf3 Nd2 19. Rfd1 Nxf3+ 20.
Kg2 Nh4+ 21. Kh1 Bxf2 22. Rxc7+ Kb8 23. Rdc1 Nf5 24. Rf1 Ne3 25. Rxf2 Nxd5 26.
Rcxf7 g5 27. Rg7 Rc8 28. Rff7 Nc7 29. b4 b6 30. b5 d5 31. Kg2 Nxb5 32. Rb7+ Ka8
33. a4 Nc7 34. Rbxc7 Rxc7 35. Rxc7 a6 36. Kf3 b5 37. axb5 axb5 38. Ke3 b4 39.
Kd3 d4 40. Kxd4 b3 41. Kc3 h5 42. Kxb3 g4 43. Rg7 Kb8 44. Kc4 Kc8 45. Rh7 h4
46. Kd5 g3 47. hxg3 hxg3 48. Rg7 g2 49. Kc6 g1=Q 50. Rxg1 Kd8 51. Rg7 Ke8 52.
Kd6 Kf8 53. Ra7 Kg8 54. Ke6 Kf8 55. Rb7 Kg8 56. Kf6 Kh8 57. Kg6 1-0

[Event "12th Sahel Bandar Abbas "]
[Site "Hove Bandar Abbas Chess"]
[Date "2011.12.19"]
[Round "7.1"]
[White "Ehteramian, Hossein"]
[Black "Choopani, Morteza"]
[Result "0-1"]
[WhiteElo "1887"]
[BlackElo "1963"]
[PlyCount "59"]
[EventDate "2011.12.15"]
[EventRounds "9"]
[EventCountry "ENG"]
[SourceTitle "OM OTB B 201907"]
[Source "Opening Master"]
[SourceDate "2019.07.06"]
[SourceVersion "2"]
[SourceVersionDate "2019.07.06"]
[SourceQuality "1"]

1. e4 e5 2. Nf3 Nc6 3. c3 Nf6 4. Qc2 d5 5. d3 Bg4 6. Be2 h6 7. Be3 Be7 8. Nbd2
O-O 9. O-O Bd6 10. exd5 Nxd5 11. Ne4 Be7 12. Qd1 f5 13. Qb3 Na5 14. Qa4 fxe4
15. Bxh6 gxh6 16. Qxe4 Bf5 17. Qxe5 Qd6 18. Qd4 Nf4 19. Qe3 Nxe2+ 20. Qxe2 Bxd3
21. Qe3 Nc4 22. Qc1 Bxf1 23. Kxf1 Qf4 24. Qe1 Rf7 25. b3 Nd6 26. Rd1 Re8 27.
Rd4 Qf5 28. h3 Bf6 29. Qd1 Bxd4 30. cxd4 0-1

[Event "FRA-chT U20 1112"]
[Site "France"]
[Date "2011.12.18"]
[Round "6"]
[White "Raynaud, Alexia"]
[Black "Bellahcene, Meriem"]
[Result "1/2-1/2"]
[WhiteElo "1401"]
[BlackElo "1467"]
[PlyCount "63"]
[EventDate "2011.12.03"]
[EventType "team-swiss"]
[EventRounds "7"]
[EventCountry "FRA"]
[SourceTitle "EXT 2013"]
[Source "ChessBase"]
[SourceDate "2012.11.22"]
[SourceVersion "1"]
[SourceVersionDate "2012.11.22"]
[SourceQuality "1"]

1. e4 e5 2. Nf3 Nc6 3. c3 Nf6 4. d4 exd4 5. e5 Nd5 6. cxd4 Be7 7. Bc4 Nb6 8.
Bd3 d6 9. Bb5 Bd7 10. Qe2 O-O 11. O-O a6 12. Bd3 d5 13. Nc3 Bg4 14. Be3 Nb4 15.
Bb1 Qd7 16. a3 Nc6 17. Qc2 g6 18. Qe2 Nc4 19. Rd1 Bxf3 20. Qxf3 Nxb2 21. Rd2
Nc4 22. Rd1 Nxe3 23. Qxe3 Rfe8 24. Ba2 Bxa3 25. Nxd5 Be7 26. Qh6 Qf5 27. Bb1
Qg4 28. f3 Qg5 29. Qxg5 Bxg5 30. Nxc7 Rad8 31. Nxe8 Rxe8 32. Be4 1/2-1/2

[Event "FRA-chT U20 1112"]
[Site "France"]
[Date "2011.12.17"]
[Round "4"]
[White "Hadji, Rasla"]
[Black "Le Cour, Valentin"]
[Result "0-1"]
[WhiteElo "1360"]
[BlackElo "1266"]
[PlyCount "88"]
[EventDate "2011.12.03"]
[EventType "team-swiss"]
[EventRounds "7"]
[EventCountry "FRA"]
[SourceTitle "EXT 2013"]
[Source "ChessBase"]
[SourceDate "2012.11.22"]
[SourceVersion "1"]
[SourceVersionDate "2012.11.22"]
[SourceQuality "1"]

1. e4 e5 2. Nf3 Nc6 3. c3 Nf6 4. d4 exd4 5. cxd4 Nxe4 6. d5 Ne7 7. Qa4 Nf6 8.
Bc4 Nexd5 9. Bxd5 Nxd5 10. Qe4+ Qe7 11. Qxe7+ Bxe7 12. O-O O-O 13. Bd2 d6 14.
Bc3 Nb6 15. Nbd2 Be6 16. Rac1 Bxa2 17. Rfe1 Bf6 18. Bxf6 gxf6 19. Rxc7 Rab8 20.
Ne4 Nd5 21. Rd7 Rfd8 22. Rxd8+ Rxd8 23. Rd1 a6 24. Rd4 f5 25. Neg5 Rc8 26. h3
Rc4 27. Rd2 Bb3 28. Kh2 Rc2 29. Rd4 Rxf2 30. Kg3 Rxb2 31. h4 a5 32. h5 a4 33.
Nd2 a3 34. Nxb3 a2 35. Rxd5 Rxb3+ 36. Nf3 a1=Q 37. Kf4 Qa4+ 38. Rd4 Rxf3+ 39.
Kxf3 Qxd4 40. Kg3 f4+ 41. Kf3 Qe3+ 42. Kg4 Kg7 43. Kh4 Kf6 44. g4 Qg3# 0-1

[Event "FRA-chT U20 1112"]
[Site "France"]
[Date "2011.12.17"]
[Round "4"]
[White "Fischer, Julie"]
[Black "Bombail, Leonard"]
[Result "0-1"]
[WhiteElo "1834"]
[BlackElo "1867"]
[PlyCount "64"]
[EventDate "2011.12.03"]
[EventType "team-swiss"]
[EventRounds "7"]
[EventCountry "FRA"]
[SourceTitle "EXT 2013"]
[Source "ChessBase"]
[SourceDate "2012.11.22"]
[SourceVersion "1"]
[SourceVersionDate "2012.11.22"]
[SourceQuality "1"]

1. e4 e5 2. Nf3 Nc6 3. c3 Nf6 4. d4 exd4 5. e5 Nd5 6. cxd4 d6 7. Bc4 Nb6 8. Bb3
Be7 9. O-O Bg4 10. h3 Bh5 11. g4 Bg6 12. Bf4 Qd7 13. Re1 d5 14. Nc3 h5 15. Nh2
O-O-O 16. a4 a5 17. Nb5 hxg4 18. e6 fxe6 19. Bxc7 Rxh3 20. Bxb6 Rdh8 21. Bc7 e5
22. Bxe5 Nxe5 23. dxe5 Rxh2 24. Bxd5 g3 25. Rc1+ Kb8 26. fxg3 Qh3 27. Qf3 Rxb2
28. Re2 Rxe2 29. Qxe2 Qxg3+ 30. Bg2 Bd3 31. Qd2 Bg5 32. Rc7 Be3+ 0-1

[Event "ZN-2011-0-01792"]
[Site "Lechenicher SchachServer"]
[Date "2011.12.13"]
[Round "?"]
[White "Tobey, Al"]
[Black "Ventura, Bob"]
[Result "0-1"]
[WhiteElo "625"]
[BlackElo "808"]
[PlyCount "98"]
[EventDate "2011.12.05"]

1. e4 e5 2. Nf3 Nc6 3. c3 a6 4. Be2 Nf6 5. d3 h6 6. O-O d5 7. exd5 Qxd5 8. Nbd2
Qd7 9. Re1 Bd6 10. Ne4 Nd5 11. Nfd2 O-O 12. Nc4 f5 13. Nexd6 cxd6 14. Bf3 Nf6
15. Qb3 Qe6 16. Nb6 Qxb3 17. axb3 Rb8 18. Nc4 Rd8 19. Nb6 Be6 20. b4 e4 21.
dxe4 Ne5 22. exf5 Bxf5 23. Be2 Nfd7 24. Nd5 b5 25. Ne7+ Kh8 26. Nxf5 Nf6 27.
Rxa6 d5 28. Ne7 Rb7 29. Ra5 Rxe7 30. Be3 Nc4 31. Rxb5 Nxe3 32. Bd3 d4 33. fxe3
dxe3 34. Be2 Ne4 35. Rf5 Rd2 36. Rf8+ Kh7 37. c4 Rxb2 38. b5 Nc5 39. Rf5 Na4
40. Bd3 g6 41. Rf6 Nc5 42. Bxg6+ Kg7 43. Rc6 Nd3 44. Bxd3 Rd2 45. Rd6 Rf7 46.
Rg6+ Kf8 47. Be2 Rf2 48. Rg3 Rfxe2 49. Rxe3 Rxg2+ 0-1

[Event "Donetsk Amitan Memorial IM 4th"]
[Site "Donetsk"]
[Date "2011.12.12"]
[Round "7"]
[White "Kutsyj, Alexander"]
[Black "Petrosyan, Tigran S"]
[Result "0-1"]
[WhiteElo "2324"]
[BlackElo "2255"]
[PlyCount "76"]
[EventDate "2011.12.08"]
[EventType "tourn"]
[EventRounds "9"]
[EventCountry "UKR"]
[EventCategory "2"]
[SourceTitle "CBM 145 Extra"]
[Source "ChessBase"]
[SourceDate "2012.01.03"]
[SourceVersion "1"]
[SourceVersionDate "2012.01.03"]
[SourceQuality "1"]

1. e4 e5 2. Nf3 Nc6 3. c3 Nf6 4. d4 Nxe4 5. d5 Ne7 6. Nxe5 Ng6 7. Qd4 Nxe5 8.
Qxe5+ Qe7 9. Qxe7+ Bxe7 10. Be3 Bc5 11. Bxc5 Nxc5 12. Nd2 O-O 13. O-O-O d6 14.
f3 Bf5 15. Nb3 Nxb3+ 16. axb3 a6 17. Bd3 Bxd3 18. Rxd3 Rfe8 19. Kd2 Re5 20. Re1
Rxe1 21. Kxe1 Re8+ 22. Kd2 Kf8 23. c4 Re5 24. h4 Ke7 25. g4 c6 26. dxc6 bxc6
27. Re3 Rxe3 28. Kxe3 a5 29. Kd4 Ke6 30. Ke4 h6 31. Kd4 g5 32. hxg5 hxg5 33.
Ke4 d5+ 34. Kd4 Kd6 35. c5+ Ke6 36. Kc3 Ke5 37. b4 axb4+ 38. Kxb4 Kd4 0-1

[Event "Zadar op-A 18th"]
[Site "Zadar"]
[Date "2011.12.12"]
[Round "3"]
[White "Stevic, Hrvoje"]
[Black "Drazic, Sinisa"]
[Result "1-0"]
[WhiteElo "2612"]
[BlackElo "2537"]
[PlyCount "89"]
[EventDate "2011.12.11"]
[EventType "swiss"]
[EventRounds "9"]
[EventCountry "CRO"]
[SourceTitle "CBM 145 Extra"]
[Source "ChessBase"]
[SourceDate "2012.01.03"]
[SourceVersion "1"]
[SourceVersionDate "2012.01.03"]
[SourceQuality "1"]

1. e4 e5 2. Nf3 Nc6 3. c3 Nf6 4. d4 Nxe4 5. d5 Ne7 6. Nxe5 Ng6 7. Nxg6 hxg6 8.
Bd3 Nc5 9. Bc2 d6 10. Be3 Be7 11. Nd2 Bf5 12. Bxf5 gxf5 13. Qc2 g6 14. O-O-O
Bf6 15. Rde1 Kf8 16. Nf3 Kg7 17. h4 Qd7 18. h5 Qa4 19. h6+ Kf8 20. Bxc5 Qxc2+
21. Kxc2 dxc5 22. c4 Re8 23. Rxe8+ Kxe8 24. Ne1 Bg5 25. Nd3 b6 26. h7 Kf8 27.
Kb3 Ke7 28. Ka4 a6 29. b4 Kd6 30. bxc5+ bxc5 31. Ka5 Bf6 32. Kxa6 c6 33. Rb1
cxd5 34. Rb6+ Ke7 35. cxd5 c4 36. Nc5 Bd4 37. Kb5 c3 38. d6+ Kf6 39. Rc6 Bxf2
40. d7+ Kg7 41. Nb7 Bh4 42. Rxc3 Rxh7 43. Rh3 Be7 44. Rxh7+ Kxh7 45. a4 1-0

[Event "XXXII Memorial Edoardo Crespi B"]
[Site "Milano ITA"]
[Date "2011.12.11"]
[Round "6"]
[White "Palmieri, Giovanni"]
[Black "Grigioni, Giulio"]
[Result "1-0"]
[WhiteElo "1802"]
[BlackElo "1896"]
[PlyCount "38"]
[EventDate "2011.12.07"]
[SourceTitle "OM OTB B 201907"]
[Source "Opening Master"]
[SourceDate "2019.07.06"]
[SourceVersion "2"]
[SourceVersionDate "2019.07.06"]
[SourceQuality "1"]

1. e4 e5 2. Nf3 Nc6 3. c3 Nf6 4. d4 exd4 5. e5 Nd5 6. cxd4 Bb4+ 7. Bd2 Qe7 8.
Bb5 a6 9. Ba4 Bxd2+ 10. Qxd2 Qb4 11. Bb3 Nf4 12. Nc3 Nxg2+ 13. Kf1 Nh4 14. Nxh4
Qxd4 15. Qg5 d6 16. Rd1 Bh3+ 17. Ng2 Qb4 18. Nd5 Qa5 19. exd6 cxd6 1-0

[Event "Budapesti csapatbajnokság 2011-12"]
[Site "Budapest"]
[Date "2011.12.11"]
[Round "5"]
[White "Kiss, Jozsef"]
[Black "Fogarassy, Zsolt"]
[Result "0-1"]
[WhiteElo "1979"]
[BlackElo "1952"]
[PlyCount "101"]
[EventDate "2011.10.02"]
[EventType "tourn"]
[EventRounds "11"]
[EventCountry "HUN"]
[SourceTitle "OM OTB B 201907"]
[Source "Opening Master"]
[SourceDate "2019.07.06"]
[SourceVersion "2"]
[SourceVersionDate "2019.07.06"]
[SourceQuality "1"]

1. e4 e5 2. Nf3 Nc6 3. c3 Nf6 4. d4 d5 5. dxe5 Nxe4 6. Bb5 Bc5 7. O-O O-O 8.
Bxc6 bxc6 9. Nd4 Ba6 10. Re1 Bb6 11. Nd2 c5 12. Nf5 Ng5 13. Qg4 Bc8 14. h4 Qd7
15. e6 fxe6 16. Nxg7 Qxg7 17. hxg5 e5 18. Qh4 e4 19. Nf1 Bd7 20. Ne3 c6 21. Ng4
Bxg4 22. Qxg4 Qf7 23. Qe2 d4 24. c4 d3 25. Qe3 Ba5 26. Bd2 Bxd2 27. Qxd2 Qxc4
28. Rac1 Qd4 29. b3 Qd5 30. Rc4 Rae8 31. Qe3 Re5 32. Rec1 Rff5 33. Rxc5 Qxc5
34. Rxc5 Rxc5 35. Qxe4 d2 36. Qe6+ Rf7 37. Qe8+ Kg7 38. Qe2 Rc1+ 39. Kh2 d1=Q
40. Qe5+ Kf8 41. Qb8+ Ke7 42. Qxa7+ Ke8 43. Qb8+ Qd8 44. Qe5+ Re7 45. Qh8+ Kd7
46. Qd4+ Kc8 47. Qa4 Ree1 48. f4 Rh1+ 49. Kg3 Rc3+ 50. Kg4 Qd7+ 51. f5 0-1

[Event "Open Internacional 80 aniversari Club d"]
[Site "Mollet del Vallès (Spain)"]
[Date "2011.12.10"]
[Round "7.1"]
[White "Barba Rios, Enric"]
[Black "Porta Tovar, Guillem"]
[Result "1/2-1/2"]
[WhiteElo "1855"]
[BlackElo "1734"]
[PlyCount "238"]
[EventDate "2011.12.04"]
[EventRounds "8"]
[EventCountry "ESP"]
[SourceTitle "OM OTB B 201907"]
[Source "Opening Master"]
[SourceDate "2019.07.06"]
[SourceVersion "2"]
[SourceVersionDate "2019.07.06"]
[SourceQuality "1"]

1. e4 e5 2. Nf3 Nc6 3. c3 d5 4. Qa4 f6 5. Bb5 Nge7 6. O-O Be6 7. d3 a6 8. Bxc6+
Nxc6 9. Be3 Qd7 10. Na3 Bd6 11. Rfd1 O-O 12. d4 dxe4 13. dxe5 Nxe5 14. Qxe4 Qc6
15. Qxc6 Nxc6 16. Nc2 Bf5 17. Ncd4 Nxd4 18. Nxd4 Bg6 19. Ne6 Rfe8 20. Rxd6 cxd6
21. Nc7 Rxe3 22. fxe3 Rc8 23. Nd5 Kf8 24. Rd1 Bf7 25. a3 Rc5 26. Nf4 Ke7 27. h3
Bc4 28. Kf2 g5 29. Ne2 Rf5+ 30. Ke1 d5 31. Rd4 h5 32. Ng3 Re5 33. e4 h4 34.
Nf5+ Ke6 35. Ne3 b5 36. exd5+ Bxd5 37. Kf2 Rxe3 38. Rxd5 Rxc3 39. Rd2 Rc5 40.
Kf3 Re5 41. Rc2 Kd5 42. Rd2+ Kc4 43. Rd6 Rf5+ 44. Ke3 a5 45. Ke4 Rf4+ 46. Ke3
b4 47. axb4 axb4 48. Rd3 Rf1 49. b3+ Kc5 50. Ke2 Rc1 51. Rf3 Rc2+ 52. Kd3 Rc3+
53. Ke4 Rxf3 54. gxf3 Kd6 55. Kf5 Ke7 56. f4 gxf4 57. Kxf4 Ke6 58. Kg4 Ke5 59.
Kxh4 Kf4 60. Kh5 f5 61. h4 Kg3 62. Kg6 f4 63. h5 f3 64. h6 f2 65. h7 f1=Q 66.
h8=Q Qb1+ 67. Kg5 Qxb3 68. Qh4+ Kg2 69. Qe4+ Kf2 70. Qf4+ Ke2 71. Qh2+ Kd1 72.
Qg1+ Kc2 73. Qf2+ Kb1 74. Qe1+ Ka2 75. Qd2+ Qb2 76. Qd5+ b3 77. Kf4 Qf2+ 78.
Kg4 Qg1+ 79. Kf4 Qc1+ 80. Kg4 Qa3 81. Kf3 Qb4 82. Ke2 Qc3 83. Kd1 Qc2+ 84. Ke1
Kb1 85. Qa5 Qe4+ 86. Kd2 b2 87. Qc3 Qd5+ 88. Ke2 Qg2+ 89. Ke1 Qc2 90. Qa3 Qc4
91. Kd2 Qd4+ 92. Ke2 Kc2 93. Qa2 Qc3 94. Qa4+ Kb1 95. Kf1 Kc1 96. Qf4+ Qd2 97.
Qc4+ Kb1 98. Qa6 Kc2 99. Qc4+ Qc3 100. Qa4+ Kd3 101. Qd1+ Kc4 102. Qg4+ Kb3
103. Qd1+ Kb4 104. Qd6+ Ka4 105. Qd1+ Qb3 106. Qd4+ Ka3 107. Qc5+ Ka2 108. Qa5+
Qa3 109. Qd5+ Ka1 110. Qd4 Qf3+ 111. Kg1 Qe2 112. Kh1 Kb1 113. Qc5 Qc2 114. Qa3
Qd2 115. Qa6 Kc1 116. Qa3 Kd1 117. Qb3+ Ke1 118. Qg3+ Qf2 119. Qc3+ Kf1 1/2-1/2